000 01898cab a2200265Ia 45 0
001 u204536
003 SIRSI
008 130328s2003 ua ss b eng d
040 _aEAL
041 _aeng
_bara
090 _aART BFACU V54 NO1 9
100 1 _aEl-Sebaey, I. I. A.
240 1 0 _aBulletin of Faculty of Agriculture. Cairo University, 2003 v. 54 (1)
_h[electronic resource].
245 1 0 _aSuppression of bemisia tabaci (genn), aphis gossypii glover and spodoptera littoralis (bosid.) by coranus africana el-sebaey (hemiptera, heteroptera, reduviidae) in a tomato field
_h[electronic resource].
246 1 5 _aمكافحة الذبابة البضاءbemisia tabaciوالمنaphis gossypii gloverودودة ورق القطن spodoptera littoralis بالمفترس coranus africana el-sebaey (فصيلة البق السفاح-رتبة نصفية الأجنحة) فى حقول الطماطم.
300 _ap.141-150.
504 _aIncludes references.
520 _aMass reared reduviid, Coranus africana El-Sebaey was released in a tomato field plots against three tomato pests, Bemisia tabaci (Genn.), Aphis gossypii Golver and Spodoptora littoralis (Bosid). Control experimental plots without C. africana were maintained for each pest during the evalution period. C. africana greatly reduced the infestation of B. tabaci (99.1% & 92.25% for adult and immature stages respectively), A. gossypii (96.9 % ) and S. littoralis (98.3 %) during the first year; opposed to (99% & 97.6 %), (98.9 %) and (98.6 %) respectively during the second year.
546 _aSummary in Arabic.
650 0 _aTomatoes
_xDiseases and pests
_xBiological control.
700 1 _aAbd El-Wahab, H. A.
773 0 _tThe Bulletin Faculty of Agriculture, Cairo University.
_g2003.v.54(1)
_x0526-8613
_7nnas
_wu158095
856 4 0 _uhttp://nile.enal.sci.eg/EALE/2003/BFACU/5403/1/141.pdf
_zFull Text Article
596 _a1
942 _cAR
_2lcc
999 _c55696
_d55696